[Event "BRA-ch sf"]
[Site "Dois Irmaos"]
[Date "2008.10.31"]
[Round "3"]
[White "Prates, Fabiano Fortes"]
[Black "Di Berardino, Diego Rafael"]
[Result "0-1"]
[WhiteElo "2298"]
[BlackElo "2502"]
[PlyCount "76"]
[EventDate "2008.10.30"]
[EventType "swiss"]
[EventRounds "7"]
[EventCountry "BRA"]
[SourceTitle "EXT 2009"]
[Source "ChessBase"]
[SourceDate "2008.11.26"]
[SourceVersion "1"]
[SourceVersionDate "2008.11.26"]
[SourceQuality "1"]

1. e4 c5 2. Nf3 d6 3. c3 Nf6 4. h3 Nc6 5. Bd3 d5 6. e5 Nd7 7. Qe2 Qc7 8. Bb5 a6 9. Bxc6 bxc6 10. d3 e6 11. 0-0 Be7 12. Re1 h6 13. h4 a5 14. Nbd2 0-0 15. Nf1 Ba6 16. c4 Rae8 17. Bf4 Qb6 18. Ne3 f6 19. Ng4 f5 20. Nxh6+ gxh6 21. Bxh6 Rf7 22. Ng5 Bxg5 23. hxg5 Nf8 24. Qh5 Qc7 25. Re3 f4 26. Ree1 Qe7 27. f3 Rf5 28. Bxf8 Rfxf8 29. Kf2 Qg7 30. Rh1 Re7 31. g6 Rf5 32. Qh4 Qxe5 33. Rae1 Qd4+ 34. Kf1 Qxd3+ 35. Re2 Qd1+ 36. Kf2 Qd4+ 37. Ke1 Qf6 38. Qh2 Bxc4 0-1

[Event "BRA-ch sf"]
[Site "Dois Irmaos"]
[Date "2008.10.30"]
[Round "2"]
[White "Prates, Fabiano Fortes"]
[Black "Da Silva Borges, Rodrigo"]
[Result "1-0"]
[WhiteElo "2298"]
[BlackElo "1742"]
[PlyCount "75"]
[EventDate "2008.10.30"]
[EventType "swiss"]
[EventRounds "7"]
[EventCountry "BRA"]
[SourceTitle "EXT 2009"]
[Source "ChessBase"]
[SourceDate "2008.11.26"]
[SourceVersion "1"]
[SourceVersionDate "2008.11.26"]
[SourceQuality "1"]

1. e4 d6 2. d4 Nf6 3. Nc3 e5 4. Nf3 Nbd7 5. Bc4 Be7 6. 0-0 0-0 7. Re1 c6 8. a4 Qc7 9. h3 h6 10. b3 b6 11. d5 Bb7 12. Re2 a6 13. dxc6 Bxc6 14. Nd5 Nxd5 15. Bxd5 Bxd5 16. Qxd5 Rad8 17. c4 Nb8 18. Ne1 Nc6 19. Nc2 Kh8 20. Qd3 Qc8 21. Be3 Qc7 22. f3 Bg5 23. Bf2 g6 24. h4 Bf6 25. Ne3 Ne7 26. b4 a5 27. b5 Bg7 28. Rc2 f5 29. Nd5 fxe4 30. fxe4 Nxd5 31. cxd5 Qb7 32. Rc6 Rxf2 33. Kxf2 Qe7 34. g3 g5 35. Rh1 gxh4 36. Rxh4 Rf8+ 37. Kg2 Qf6 38. Qe2 1-0

[Event "BRA RS-ch"]
[Site "Carazinho"]
[Date "2008.10.??"]
[Round "3"]
[White "Prates, Fabiano Fortes"]
[Black "Silva, Eduardo Munoa"]
[Result "0-1"]
[WhiteElo "2298"]
[BlackElo "2045"]
[PlyCount "56"]
[EventDate "2008.10.??"]
[EventType "swiss"]
[EventRounds "7"]
[EventCountry "BRA"]
[SourceTitle "EXT 2022"]
[Source "ChessBase"]
[SourceDate "2021.10.06"]
[SourceVersion "1"]
[SourceVersionDate "2021.10.06"]
[SourceQuality "1"]

1. e4 c6 2. d4 d5 3. e5 Bf5 4. Nc3 e6 5. g4 Bg6 6. Nge2 Bb4 7. a3 Ba5 8. b4 Bc7 9. Ng3 a5 10. Rb1 axb4 11. axb4 Qh4 12. Be2 Ne7 13. Be3 f6 14. f4 Nd7 15. Bf2 Qh6 16. Qc1 fxe5 17. g5 Qh3 18. fxe5 0-0 19. Bf1 Qg4 20. Rb3 Rxf2 21. Kxf2 Qxd4+ 22. Qe3 Qxe3+ 23. Kxe3 d4+ 24. Kd2 dxc3+ 25. Rxc3 Bxe5 26. Re3 Nd5 27. Bh3 Bf5 28. Ke2 Nf8 0-1

[Event "Sao Paulo Amizade op"]
[Site "Sao Paulo"]
[Date "2008.08.29"]
[Round "7"]
[White "Prates, Fabiano Fortes"]
[Black "De Souza, Mauro Guimaraes"]
[Result "1-0"]
[WhiteElo "2293"]
[BlackElo "2053"]
[PlyCount "77"]
[EventDate "2008.08.23"]
[EventType "swiss"]
[EventRounds "9"]
[EventCountry "BRA"]
[SourceTitle "CBM 126 Extra"]
[Source "ChessBase"]
[SourceDate "2008.11.05"]
[SourceVersion "1"]
[SourceVersionDate "2008.11.05"]
[SourceQuality "1"]

1. e4 c5 2. Nf3 d6 3. c3 Nf6 4. Bd3 Bg4 5. h3 Bxf3 6. Qxf3 Nc6 7. Bc2 g6 8. 0-0 Bg7 9. d3 0-0 10. Nd2 b5 11. Nb3 Nd7 12. Be3 a5 13. a4 b4 14. d4 bxc3 15. bxc3 cxd4 16. Nxd4 Rc8 17. Qe2 Nce5 18. f4 Nc4 19. Bf2 e5 20. fxe5 Ndxe5 21. Nb5 Qg5 22. Rad1 Bh6 23. Rfe1 Rfd8 24. Rd5 Qf4 25. Kh1 Bg5 26. Red1 Bh4 27. Bg1 Bg3 28. Rf1 Qh4 29. Bb3 Rd7 30. Rd4 Nb6 31. Rxd6 Rxd6 32. Nxd6 Rxc3 33. Qa2 Nbd7 34. Bxf7+ Kh8 35. Be6 Qe7 36. Nf7+ Kg7 37. Bxd7 Qxd7 38. Ng5 Rc4 39. Qa3 1-0

[Event "Registro op 2008"]
[Site "Registro"]
[Date "2008.05.04"]
[Round "9"]
[White "Prates, Fabiano Fortes"]
[Black "Bambino, Antonio Carlos"]
[Result "0-1"]
[WhiteElo "2297"]
[BlackElo "2012"]
[PlyCount "96"]
[EventDate "2008.04.30"]
[EventType "swiss"]
[EventRounds "9"]
[EventCountry "BRA"]
[SourceTitle "EXT 2022"]
[Source "ChessBase"]
[SourceDate "2021.10.06"]
[SourceVersion "1"]
[SourceVersionDate "2021.10.06"]
[SourceQuality "1"]

1. e4 d6 2. Nc3 g6 3. f4 Bg7 4. Nf3 c5 5. g3 Nc6 6. d3 e6 7. Bg2 Nge7 8. 0-0 0-0 9. Be3 Nd4 10. Qd2 Rb8 11. Qf2 Nec6 12. Nd1 b6 13. c3 Nxf3+ 14. Qxf3 Ne7 15. d4 f5 16. Nf2 Qc7 17. Rfd1 fxe4 18. Nxe4 d5 19. Ng5 h6 20. Nh3 Nf5 21. Bf2 cxd4 22. cxd4 Qc2 23. Qa3 Qc7 24. Rac1 Qd7 25. Rc2 Rf7 26. Bf1 a5 27. Qd3 Kh7 28. g4 Nd6 29. Bg3 Ra8 30. Qb3 Ba6 31. Qxb6 Bxf1 32. Kxf1 Nc4 33. Qb3 a4 34. Qd3 a3 35. Re1 axb2 36. Rce2 Ra3 37. Qd1 Rxa2 38. Nf2 Qb5 39. Nd3 Na3 40. Nxb2 Rxb2 41. Kg2 Nc4 42. Kh3 Rxe2 43. Rxe2 Qd7 44. Qe1 Nd6 45. Rxe6 Ne4 46. Ra6 h5 47. f5 hxg4+ 48. Kg2 Qxf5 0-1

[Event "BRA-ch sf"]
[Site "Recife"]
[Date "2007.11.04"]
[Round "7"]
[White "Prates, Fabiano Fortes"]
[Black "Guimaraes, Diogo Duarte"]
[Result "1-0"]
[WhiteElo "2311"]
[BlackElo "2191"]
[PlyCount "71"]
[EventDate "2007.11.01"]
[EventType "swiss"]
[EventCountry "BRA"]
[SourceTitle "EXT 2022"]
[Source "ChessBase"]
[SourceDate "2021.10.06"]
[SourceVersion "1"]
[SourceVersionDate "2021.10.06"]
[SourceQuality "1"]

1. e4 e5 2. Nf3 Nf6 3. Nxe5 d6 4. Nc4 Nxe4 5. Nc3 Nxc3 6. bxc3 Be7 7. d4 d5 8. Ne3 0-0 9. Qf3 c6 10. Bd3 Re8 11. 0-0 Bg5 12. g3 g6 13. h4 Bh6 14. Nxd5 Bg7 15. Ne3 c5 16. Bc4 Qc7 17. d5 Kh8 18. Rb1 Nd7 19. Qxf7 Rf8 20. Qe7 Bf6 21. Qe4 Ne5 22. Be2 Bh3 23. Rd1 Qd7 24. d6 Nc6 25. Bg4 Bxg4 26. Qxg4 Qf7 27. Nd5 Bxh4 28. Bf4 g5 29. Be3 Ne5 30. Qe4 Rae8 31. Ne7 Nf3+ 32. Kg2 g4 33. gxh4 Nxh4+ 34. Kf1 g3 35. Qxh4 Qf3 36. Bxc5 1-0

[Event "BRA-ch sf"]
[Site "Recife"]
[Date "2007.11.04"]
[Round "6"]
[White "Prates, Fabiano Fortes"]
[Black "Miranda, Roberto Calheiros J"]
[Result "0-1"]
[WhiteElo "2311"]
[BlackElo "2213"]
[PlyCount "77"]
[EventDate "2007.11.01"]
[EventType "swiss"]
[EventCountry "BRA"]
[SourceTitle "EXT 2022"]
[Source "ChessBase"]
[SourceDate "2021.10.06"]
[SourceVersion "1"]
[SourceVersionDate "2021.10.06"]
[SourceQuality "1"]

1. e4 c5 2. Nf3 e6 3. c3 d5 4. e5 Ne7 5. d4 Nec6 6. Bd3 Be7 7. 0-0 a6 8. Be3 Nd7 9. b3 cxd4 10. cxd4 f6 11. exf6 Nxf6 12. Nc3 0-0 13. Bg5 Qc7 14. Ne2 Bd6 15. Ng3 Bd7 16. Rc1 Qa5 17. Bb1 Rac8 18. Re1 Ba3 19. Rc2 Ne4 20. Nxe4 dxe4 21. Rxe4 Rxf3 22. Bd2 Rd3 23. Qe2 Rxd2 24. Rxd2 Bb4 25. Rd1 Ne7 26. Re5 Qc7 27. Qe4 g6 28. Rg5 Bd6 29. h4 Bf4 30. Rc5 Qd6 31. g3 Bh6 32. h5 b6 33. Rcc1 Bc6 34. Qg4 Qd5 35. f3 Kg7 36. hxg6 hxg6 37. Be4 Qb5 38. Rxc6 Rxc6 39. Bxc6 0-1

[Event "Vicente Lopez ITT"]
[Site "Vicente Lopez"]
[Date "2007.08.02"]
[Round "9"]
[White "Iermito, Sebastian"]
[Black "Prates, Fabiano Fortes"]
[Result "0-1"]
[WhiteElo "2319"]
[BlackElo "2309"]
[PlyCount "128"]
[EventDate "2007.07.23"]
[EventType "tourn"]
[EventRounds "11"]
[EventCountry "ARG"]
[EventCategory "3"]
[SourceTitle "CBM 119 Extra"]
[Source "ChessBase"]
[SourceDate "2007.09.04"]
[SourceVersion "1"]
[SourceVersionDate "2007.09.04"]
[SourceQuality "1"]

1. d4 Nf6 2. c4 c5 3. d5 e5 4. Nc3 d6 5. e4 Nbd7 6. Be2 Be7 7. Be3 Nf8 8. h4 h5 9. f3 N6h7 10. g3 f5 11. exf5 Bxf5 12. Bd3 g6 13. Nge2 Nf6 14. Qc2 Qd7 15. a3 a6 16. Ne4 Nxe4 17. Bxe4 Bxe4 18. Qxe4 Qf5 19. b4 cxb4 20. axb4 Nd7 21. Nc3 Rc8 22. Rc1 Nf6 23. Qxf5 gxf5 24. Na4 Bd8 25. Kf2 Rg8 26. Bb6 Rg7 27. Bxd8 Rxd8 28. Rhe1 b5 29. Nb6 bxc4 30. Rxc4 Rb7 31. Rc6 Kf7 32. Ra1 Ne8 33. Rxa6 Nc7 34. Ra2 Nb5 35. Nc4 Ke7 36. Na5 Ra7 37. Rb6 Nd4 38. Rd2 Kd7 39. Nc6 Nxc6 40. Rxc6 Rb8 41. Rb2 Rb5 42. g4 Rxd5 43. Rc1 fxg4 44. fxg4 Rd4 45. g5 Rxh4 46. Rg1 Rh2+ 47. Rg2 Rxg2+ 48. Kxg2 Ke6 49. Kg3 Kf5 50. Kh4 e4 51. Rf2+ Ke5 52. g6 e3 53. Rf8 Re7 54. Kg3 Kd4 55. Rf1 e2 56. Re1 Kd3 57. Ra1 Ra7 58. Rb1 Ra8 59. g7 h4+ 60. Kxh4 Rg8 61. Kg5 Rxg7+ 62. Kf6 Rb7 63. Ke6 Rb6 64. Kd7 d5 0-1

[Event "Vicente Lopez ITT"]
[Site "Vicente Lopez"]
[Date "2007.07.30"]
[Round "7"]
[White "Della Morte, Pablo"]
[Black "Prates, Fabiano Fortes"]
[Result "1-0"]
[WhiteElo "2283"]
[BlackElo "2309"]
[PlyCount "89"]
[EventDate "2007.07.23"]
[EventType "tourn"]
[EventRounds "11"]
[EventCountry "ARG"]
[EventCategory "3"]
[SourceTitle "CBM 119 Extra"]
[Source "ChessBase"]
[SourceDate "2007.09.04"]
[SourceVersion "1"]
[SourceVersionDate "2007.09.04"]
[SourceQuality "1"]

1. e4 e6 2. d4 d5 3. Nc3 Bb4 4. e5 c5 5. a3 Bxc3+ 6. bxc3 Qa5 7. Bd2 Qa4 8. Qg4 g6 9. Qd1 cxd4 10. Rb1 d3 11. Bxd3 Nc6 12. Nf3 Qxa3 13. h4 h6 14. 0-0 Qe7 15. Qe2 Qc7 16. c4 Nge7 17. Rb2 Bd7 18. Rfb1 dxc4 19. Bxc4 b6 20. Qe4 Rc8 21. Ba6 Rd8 22. Bd3 Nb8 23. Nd4 Nbc6 24. Nf3 Nb8 25. Qg4 Bc6 26. Re1 Nd7 27. Nd4 Nxe5 28. Qf4 g5 29. Qf6 Nxd3 30. cxd3 Rh7 31. Rc2 Qd7 32. Nxe6 fxe6 33. Rxe6 Bd5 34. Qg6+ Rf7 35. Qg8+ Rf8 36. Qg6+ Rf7 37. Re1 Qd6 38. Qh5 Kd7 39. Qg4+ Ke8 40. hxg5 hxg5 41. Bxg5 Kf8 42. Rce2 Rd7 43. Qh3 Ng8 44. Qg4 Qg6 45. Bh6+ 1-0

[Event "Vicente Lopez ITT"]
[Site "Vicente Lopez"]
[Date "2007.07.29"]
[Round "6"]
[White "Prates, Fabiano Fortes"]
[Black "Granara Barreto, Sebastian A"]
[Result "1-0"]
[WhiteElo "2309"]
[BlackElo "2242"]
[PlyCount "169"]
[EventDate "2007.07.23"]
[EventType "tourn"]
[EventRounds "11"]
[EventCountry "ARG"]
[EventCategory "3"]
[SourceTitle "CBM 119 Extra"]
[Source "ChessBase"]
[SourceDate "2007.09.04"]
[SourceVersion "1"]
[SourceVersionDate "2007.09.04"]
[SourceQuality "1"]

1. e4 e5 2. Nf3 Nf6 3. Nxe5 d6 4. Nf3 Nxe4 5. Nc3 Nxc3 6. dxc3 Be7 7. Bf4 Nd7 8. Qd2 Nc5 9. 0-0-0 0-0 10. Kb1 c6 11. Nd4 d5 12. f3 Ne6 13. Be3 Nxd4 14. cxd4 Be6 15. Bd3 a5 16. h4 Qd7 17. g4 b5 18. Rdg1 c5 19. dxc5 d4 20. Bxd4 Qd5 21. c4 Qxf3 22. Qc2 Bxc4 23. Bxh7+ Kh8 24. Be4 Qf4 25. Bxa8 Qxd4 26. Be4 Qxc5 27. g5 Rd8 28. Rd1 Rc8 29. Qd2 Bxa2+ 30. Ka1 Bc4 31. Rc1 Rd8 32. Qc3 Qd4 33. Qf3 Ba3 34. Qxa3 Qxe4 35. Rhe1 Qa8 36. Rcd1 Rc8 37. h5 b4 38. Qe3 b3 39. Qe4 Qxe4 40. Rxe4 Be6 41. g6 Bf5 42. Rc4 Rf8 43. Rf4 Be6 44. Rdf1 f6 45. Re1 Bg8 46. Rfe4 Bd5 47. Rd4 Bc6 48. Rc4 Bf3 49. Rc3 Bd5 50. Rc5 Bf3 51. Re3 Bd1 52. Rec3 Kg8 53. Kb1 f5 54. Rc8 Bxh5 55. Rxf8+ Kxf8 56. Rc6 Bf3 57. Rb6 a4 58. Kc1 Ke7 59. Kd2 Kd7 60. Ke3 Kc7 61. Ra6 Bc6 62. Ra5 Kb6 63. Rxf5 a3 64. bxa3 b2 65. Rf1 Be8 66. Rb1 Bxg6 67. Rxb2+ Ka5 68. Rb4 Bf5 69. Kd4 g5 70. Kc4 Be6+ 71. Kc5 Bf5 72. Rb8 Ka6 73. Kb4 Be4 74. a4 Ka7 75. Rf8 Ka6 76. Rf6+ Ka7 77. Ka5 Kb7 78. Rb6+ Ka7 79. Re6 Bf5 80. Re7+ Kb8 81. Kb6 Kc8 82. a5 Kd8 83. Rg7 Ke8 84. a6 Kf8 85. Rb7 1-0

[Event "Sao Paulo IRT5 op"]
[Site "Sao Paulo"]
[Date "2006.10.13"]
[Round "3"]
[White "Matsuura, Everaldo"]
[Black "Prates, Fabiano Fortes"]
[Result "0-1"]
[WhiteElo "2460"]
[BlackElo "2293"]
[PlyCount "112"]
[EventDate "2006.10.12"]
[EventType "swiss"]
[EventRounds "7"]
[EventCountry "BRA"]
[SourceTitle "CBM 114 Extra"]
[Source "ChessBase"]
[SourceDate "2006.11.03"]
[SourceVersion "1"]
[SourceVersionDate "2006.11.03"]
[SourceQuality "1"]

1. e4 e6 2. d4 d5 3. Nc3 Bb4 4. e5 Qd7 5. Bd2 b6 6. Bb5 c6 7. Ba4 a5 8. a3 Bf8 9. Nce2 Ba6 10. c3 Bb5 11. Bc2 c5 12. Nf3 Nc6 13. 0-0 a4 14. Re1 Na5 15. Nf4 Be7 16. h4 h5 17. Ng5 Bxg5 18. hxg5 g6 19. dxc5 bxc5 20. Be3 Rc8 21. Nd3 Bxd3 22. Bxd3 Nb3 23. Bc2 c4 24. Rb1 Ne7 25. Qf3 Nf5 26. Bf4 Kf8 27. g3 Kg7 28. Rbd1 Rb8 29. Kg2 Nc5 30. Bc1 Nb3 31. Bf4 Nc5 32. Rh1 Rxb2 33. Bxf5 exf5 34. Rxd5 Qc6 35. e6 Rxf2+ 36. Kxf2 Ne4+ 37. Qxe4 fxe4 38. Be5+ Kh7 39. Rhd1 Qxe6 40. Bf6 e3+ 41. Ke2 Re8 42. R1d4 Qh3 43. Re5 Qg2+ 44. Kxe3 Qxg3+ 45. Ke4 Rxe5+ 46. Bxe5 Qxg5 47. Rxc4 Qf5+ 48. Kd4 Qd7+ 49. Ke4 g5 50. Rc7 Qe6 51. Kd4 Kg6 52. Rc5 f6 53. Bc7 Qb3 54. Rc6 Qxa3 55. c4 Qb2+ 56. Kc5 a3 0-1

[Event "Sao Paulo IRT5 op"]
[Site "Sao Paulo"]
[Date "2006.10.13"]
[Round "4"]
[White "Prates, Fabiano Fortes"]
[Black "Santos, Marcus Vinicius M"]
[Result "0-1"]
[WhiteElo "2293"]
[BlackElo "2416"]
[PlyCount "148"]
[EventDate "2006.10.12"]
[EventType "swiss"]
[EventRounds "7"]
[EventCountry "BRA"]
[SourceTitle "CBM 114 Extra"]
[Source "ChessBase"]
[SourceDate "2006.11.03"]
[SourceVersion "1"]
[SourceVersionDate "2006.11.03"]
[SourceQuality "1"]

1. e4 e5 2. Nf3 Nc6 3. d4 exd4 4. c3 d5 5. exd5 Qxd5 6. cxd4 Bg4 7. Be2 Bb4+ 8. Nc3 Bxf3 9. Bxf3 Qc4 10. Qb3 Qxb3 11. axb3 Nge7 12. Be3 0-0-0 13. 0-0 a6 14. Rfd1 Rhe8 15. Ra4 Bd6 16. g3 Nb4 17. Ne4 Ned5 18. Bd2 Be7 19. Bg4+ Kb8 20. Nc5 Bxc5 21. dxc5 Nd3 22. Rd4 Ne5 23. Ba5 Nc6 24. Rxd5 Rxd5 25. Rxd5 Nxa5 26. Rd7 Rf8 27. Bd1 Nc6 28. Bc2 g6 29. Be4 Nd8 30. Bd5 Re8 31. Bxf7 Re1+ 32. Kg2 Kc8 33. Be8 Rxe8 34. Rxh7 Ne6 35. b4 Nd4 36. Rg7 Re6 37. h4 Nf5 38. Rf7 Ne7 39. f4 Kd7 40. h5 Ke8 41. hxg6 Rxg6 42. Rh7 Kf8 43. Kf3 Rg7 44. Rh8+ Ng8 45. g4 Rd7 46. g5 Kg7 47. Rh1 Ne7 48. Ke4 Nc6 49. f5 Rd4+ 50. Ke3 Rxb4 51. f6+ Kg6 52. Rh8 Ne5 53. Rg8+ Kf5 54. Rg7 Rb3+ 55. Kd2 Rxb2+ 56. Kc3 Rb5 57. Rxc7 Kxg5 58. f7 Nxf7 59. Rxf7 Rxc5+ 60. Kd4 Rb5 61. Kc4 Rb1 62. Kd4 a5 63. Ke5 b5 64. Rg7+ Kh4 65. Kf4 Rb4+ 66. Kf3 a4 67. Rg8 a3 68. Rg1 a2 69. Ra1 Rb2 70. Kf4 Kh3 71. Kf3 Kh2 72. Rd1 Rb1 73. Rd2+ Kh3 74. Rd8 a1Q 0-1

[Event "Sao Paulo IRT5 op"]
[Site "Sao Paulo"]
[Date "2006.10.12"]
[Round "2"]
[White "Massarioli, Felipe Alvarenga"]
[Black "Prates, Fabiano Fortes"]
[Result "0-1"]
[WhiteElo "2059"]
[BlackElo "2293"]
[PlyCount "196"]
[EventDate "2006.10.12"]
[EventType "swiss"]
[EventRounds "7"]
[EventCountry "BRA"]
[SourceTitle "CBM 114 Extra"]
[Source "ChessBase"]
[SourceDate "2006.11.03"]
[SourceVersion "1"]
[SourceVersionDate "2006.11.03"]
[SourceQuality "1"]

1. d4 Nf6 2. c4 g6 3. Nc3 Bg7 4. Nf3 d6 5. Bg5 h6 6. Bh4 Bf5 7. e3 Nbd7 8. Be2 c6 9. h3 Qb6 10. Qb3 g5 11. Bg3 Ne4 12. Nxe4 Bxe4 13. Nd2 Bg6 14. 0-0 c5 15. Nf3 0-0 16. Qxb6 axb6 17. a3 f5 18. Rad1 Rf7 19. Bd3 e5 20. dxe5 dxe5 21. Be2 e4 22. Nh2 Bxb2 23. Rd6 Bf6 24. Rfd1 Nf8 25. Rxb6 Rxa3 26. Rdb1 Ra1 27. Rxa1 Bxa1 28. Bd6 Bf6 29. Bxc5 Nd7 30. Rb5 Nxc5 31. Rxc5 Rd7 32. Rb5 Rd2 33. Bf1 Rb2 34. Rxb2 Bxb2 35. f3 Kf7 36. fxe4 fxe4 37. Kf2 Ke6 38. Be2 Kd6 39. Nf1 Kc5 40. Nd2 Kb4 41. Bg4 Kc3 42. Nf1 Kxc4 43. Ke2 Be5 44. Be6+ Kc3 45. Bd5 b5 46. Nd2 b4 47. Nxe4+ Kc2 48. Nc5 Bd6 49. Nb3 Kc3 50. Kf3 Be5 51. Nc5 Bc2 52. Ne4+ Kd3 53. Nc5+ Kd2 54. Ne4+ Ke1 55. Nc5 Bd6 56. Nb3 h5 57. Nd4 Bg6 58. Bb3 Kd2 59. Bd5 Be5 60. Nc6 Bc3 61. Na5 Bc2 62. Nb3+ Ke1 63. Nc5 Kf1 64. Bc4+ Kg1 65. Ne6 b3 66. Bxb3 Bxb3 67. Nxg5 Bd1+ 68. Kf4 Kxg2 69. Kf5 Bd2 70. Kf4 Bc1 71. Ne4 Bc2 72. Ng5 Kf2 73. Ne6 Bxe3+ 74. Ke5 Kg3 75. h4 Kxh4 76. Ng7 Kg4 77. Nxh5 Kxh5 78. Kd5 Bd3 79. Ke6 Kg6 80. Ke5 Kg5 81. Ke6 Bd4 82. Kd5 Bc3 83. Kd6 Kf6 84. Kd5 Be5 85. Kc5 Ke6 86. Kb4 Kd5 87. Kb3 Ba1 88. Ka2 Bd4 89. Kb3 Kc5 90. Ka3 Bc4 91. Ka4 Bb2 92. Ka5 Bb3 93. Ka6 Kc6 94. Ka5 Bc3+ 95. Ka6 Bc4+ 96. Ka7 Kc7 97. Ka8 Bd3 98. Ka7 Bd4+ 0-1

[Event "BRA-ch sf"]
[Site "Sao Paulo"]
[Date "2006.??.??"]
[Round "1"]
[White "Gomez, Gustavo Pizzocaro"]
[Black "Prates, Fabiano Fortes"]
[Result "0-1"]
[WhiteElo "2055"]
[BlackElo "2221"]
[PlyCount "58"]
[EventDate "2006.??.??"]
[EventType "swiss"]
[EventRounds "7"]
[EventCountry "BRA"]
[SourceTitle "EXT 2008"]
[Source "ChessBase"]
[SourceDate "2007.11.25"]
[SourceVersion "1"]
[SourceVersionDate "2007.11.25"]
[SourceQuality "1"]

1. Nf3 Nf6 2. g3 g6 3. Bg2 Bg7 4. d4 0-0 5. 0-0 d6 6. c4 c6 7. Nc3 Nbd7 8. e4 e5 9. h3 Qa5 10. Be3 Qb4 11. Qb3 a5 12. Rfe1 exd4 13. Bxd4 Re8 14. Nd2 Ne5 15. Bxe5 dxe5 16. a3 Qe7 17. Na4 Be6 18. Nb6 Rad8 19. Qe3 Nd7 20. Rad1 Bf8 21. Bf1 Nc5 22. Nb3 Nxb3 23. Qxb3 Qg5 24. Rxd8 Rxd8 25. h4 Qd2 26. Re3 Bc5 27. Re2 Qd1 28. Qxd1 Rxd1 29. Na4 Bd4 0-1

[Event "BRA-ch sf"]
[Site "Sao Paulo"]
[Date "2006.??.??"]
[Round "7"]
[White "Prates, Fabiano Fortes"]
[Black "Choma, Ernani Francisco"]
[Result "1-0"]
[WhiteElo "2221"]
[BlackElo "2266"]
[PlyCount "73"]
[EventDate "2006.??.??"]
[EventType "swiss"]
[EventRounds "7"]
[EventCountry "BRA"]
[SourceTitle "EXT 2008"]
[Source "ChessBase"]
[SourceDate "2007.11.25"]
[SourceVersion "1"]
[SourceVersionDate "2007.11.25"]
[SourceQuality "1"]

1. e4 c5 2. Na3 a6 3. c3 b5 4. d4 e6 5. Nf3 Bb7 6. Bd3 Nf6 7. Qe2 Be7 8. 0-0 Qc7 9. Bg5 c4 10. Bb1 d6 11. Nd2 Nbd7 12. f4 h6 13. Bh4 Nxe4 14. Bxe7 Nxd2 15. Bxd6 Qxd6 16. Qxd2 g6 17. Qe2 0-0 18. Nc2 Nf6 19. Ne3 Nd5 20. Ng4 Nxf4 21. Nxh6+ Kg7 22. Qg4 Kxh6 23. Rxf4 f5 24. Qg3 Rad8 25. Qe3 Kg7 26. Bc2 Rh8 27. h4 Qd5 28. Qg3 Kf7 29. Re1 Qc6 30. Re5 Rd5 31. Be4 Qd7 32. Bxd5 Bxd5 33. Qf2 Ke8 34. Re3 Kf7 35. Rg3 Qe7 36. Rg5 Qf6 37. Qg3 1-0

[Event "BRA-ch sf"]
[Site "Sao Paulo"]
[Date "2006.??.??"]
[Round "6"]
[White "Prates, Fabiano Fortes"]
[Black "Pinto, Helder Gaioso"]
[Result "1/2-1/2"]
[WhiteElo "2221"]
[BlackElo "2285"]
[PlyCount "177"]
[EventDate "2006.??.??"]
[EventType "swiss"]
[EventRounds "7"]
[EventCountry "BRA"]
[SourceTitle "EXT 2008"]
[Source "ChessBase"]
[SourceDate "2007.11.25"]
[SourceVersion "1"]
[SourceVersionDate "2007.11.25"]
[SourceQuality "1"]

1. e4 c6 2. d4 g6 3. Nf3 d5 4. Nc3 dxe4 5. Nxe4 Bg7 6. Bc4 Nf6 7. Nxf6+ exf6 8. Qe2+ Qe7 9. Be3 Be6 10. 0-0 0-0 11. Rfe1 Re8 12. Bb3 Bxb3 13. axb3 Nd7 14. Qd2 Nf8 15. d5 Qd6 16. Red1 Qxd5 17. Qxd5 cxd5 18. Rxd5 a6 19. Kf1 Rac8 20. c3 Red8 21. Rad1 Ne6 22. Bb6 Rxd5 23. Rxd5 Rc6 24. Be3 Bf8 25. Rd7 Rc7 26. Rd3 Bc5 27. Bxc5 Nxc5 28. Rd8+ Kg7 29. b4 Ne6 30. Rd5 Nf4 31. Rd6 Ne6 32. Nd4 Nxd4 33. Rxd4 h5 34. Ke2 Kf8 35. c4 Ke7 36. b3 Rc6 37. c5 a5 38. bxa5 Rxc5 39. b4 Rc2+ 40. Rd2 Rc1 41. Kd3 Kd7 42. Rc2 Rg1 43. f3 Rh1 44. h3 Rb1 45. Kc4 Kc6 46. Kd4+ Kb5 47. Rc7 Rxb4+ 48. Kc3 Kxa5 49. Rxf7 Rb6 50. Rg7 f5 51. Kc4 Rc6+ 52. Kd5 Kb6 53. h4 Ka6 54. Rg8 Kb5 55. Rg7 b6 56. Kd4 Rd6+ 57. Ke5 Kc6 58. Rg8 b5 59. Rc8+ Kb7 60. Kxd6 Kxc8 61. Kc5 Kd7 62. Kxb5 Kd6 63. Kc4 Ke5 64. g3 f4 65. g4 hxg4 66. fxg4 Ke4 67. Kc3 Ke3 68. h5 gxh5 69. g5 f3 70. g6 f2 71. g7 f1Q 72. g8Q Qa1+ 73. Kc2 Qa4+ 74. Kb2 Qd4+ 75. Kc2 Qe4+ 76. Kb3 h4 77. Qg1+ Kf4 78. Qh2+ Kg4 79. Qg1+ Kh3 80. Qf1+ Kh2 81. Qf2+ Kh3 82. Kc3 Qg2 83. Qf5+ Kh2 84. Kb4 Qd2+ 85. Kb5 Qe2+ 86. Ka5 h3 87. Qf4+ Kh1 88. Qc1+ Kg2 89. Qg5+ 1/2-1/2

[Event "Vicente Lopez ITT"]
[Site "Vicente Lopez"]
[Date "2005.07.19"]
[Round "6"]
[White "Prates, Fabiano Fortes"]
[Black "Zuriel, Marisa"]
[Result "0-1"]
[WhiteElo "2265"]
[BlackElo "2207"]
[PlyCount "128"]
[EventDate "2005.07.14"]
[EventType "tourn"]
[EventRounds "11"]
[EventCountry "ARG"]
[EventCategory "2"]
[SourceTitle "CBM 107 Extra"]
[Source "ChessBase"]
[SourceDate "2005.09.01"]
[SourceVersion "1"]
[SourceVersionDate "2005.09.01"]
[SourceQuality "1"]

1. e4 c5 2. Nc3 Nc6 3. g3 g6 4. Bg2 Bg7 5. d3 d6 6. Be3 Rb8 7. Qd2 b5 8. Nd1 b4 9. Ne2 Nd4 10. 0-0 e6 11. Nc1 Ne7 12. c3 bxc3 13. bxc3 Ndc6 14. Bh6 0-0 15. Bxg7 Kxg7 16. Nb3 a5 17. Nb2 Ba6 18. Rfd1 e5 19. d4 c4 20. dxe5 cxb3 21. exd6 Nc8 22. Qd5 Bb7 23. axb3 Nb6 24. Qd2 Qf6 25. f4 Qe6 26. c4 f6 27. Qe3 Nd7 28. Na4 Ba8 29. Rab1 Rfc8 30. h4 Nb4 31. Rb2 Na6 32. Kh2 Nac5 33. Nxc5 Rxc5 34. Bh3 f5 35. e5 Rxc4 36. Qa7 Rcb4 37. Rc1 R4b7 38. Qxa5 Rxb3 39. Rxb3 Qxb3 40. Qc7 Qf3 41. Qc2 Rb3 42. Rg1 Be4 43. Qa2 Rc3 44. Rg2 Rc2 45. Qxc2 Bxc2 46. Rxc2 Kf7 47. Bg2 Qd3 48. Rc7 Ke6 49. Rc8 Kf7 50. Rd8 Nf8 51. Rb8 Nd7 52. Rd8 Nf8 53. Kh3 h6 54. Rb8 g5 55. Rb7+ Kg6 56. h5+ Kxh5 57. Rg7 Ng6 58. Kh2 gxf4 59. gxf4 Qd2 60. e6 Qxf4+ 61. Kh1 Qh4+ 62. Kg1 Qe1+ 63. Kh2 Qe5+ 64. Kh1 Qxg7 0-1

[Event "Vicente Lopez ITT"]
[Site "Vicente Lopez"]
[Date "2005.07.18"]
[Round "5"]
[White "Lopez Gonzalez, Daniel"]
[Black "Prates, Fabiano Fortes"]
[Result "1-0"]
[WhiteElo "2225"]
[BlackElo "2265"]
[PlyCount "113"]
[EventDate "2005.07.14"]
[EventType "tourn"]
[EventRounds "11"]
[EventCountry "ARG"]
[EventCategory "2"]
[SourceTitle "CBM 107 Extra"]
[Source "ChessBase"]
[SourceDate "2005.09.01"]
[SourceVersion "1"]
[SourceVersionDate "2005.09.01"]
[SourceQuality "1"]

1. d4 Nf6 2. c4 g6 3. Nc3 Bg7 4. e4 d6 5. f3 0-0 6. Be3 c6 7. Qd2 a6 8. Bd3 b5 9. Nge2 Nbd7 10. 0-0 Bb7 11. cxb5 axb5 12. a3 e5 13. Bc2 exd4 14. Nxd4 Ne5 15. Bb3 Nc4 16. Bxc4 bxc4 17. Rad1 d5 18. exd5 Nxd5 19. Nxd5 Qxd5 20. Ne2 Rfe8 21. Nc3 Qa5 22. Bd4 Rad8 23. Qf2 c5 24. Bxc5 Rd3 25. Rfe1 Rxd1 26. Rxd1 Bxc3 27. bxc3 Qxc3 28. Bd4 Qb3 29. Rc1 Qxa3 30. Bb2 Qd3 31. Re1 Rc8 32. Qb6 Bc6 33. Qxc6 Qd8 34. Qf6 Qxf6 35. Bxf6 c3 36. Kf2 c2 37. Rc1 Rc6 38. Bd4 f5 39. Ke2 g5 40. Kd3 g4 41. Rxc2 Rh6 42. Be5 Ra6 43. Ke3 Ra4 44. Rd2 gxf3 45. Kxf3 Kf7 46. Bf4 Ra3+ 47. Be3 Ra4 48. Rd4 Ra1 49. h4 Ke6 50. Rb4 Kf7 51. g3 Ra5 52. Rb7+ Kg6 53. Rb6+ Kf7 54. Kf4 Rd5 55. Rc6 Rd3 56. Rc5 Kg6 57. Rxf5 1-0